Cele mai vorbite limbi romanice - Statistics

General Stats
  • This quiz has been taken 103 times
  • The average score is 5 of 6
Answer Stats
Numărul de vorbitori nativ Limbă % Correct
24 mil Romană
95%
59 mil Italiană
90%
405 mil Spaniolă
86%
75 mil Franceză
81%
215 mil Portugheză
81%
4.1 mil Catalană
43%
No matching quizzes found
Score Distribution
Percent of People with Each Score
Percentile by Number Answered
Your Score History
You have not taken this quiz